Statistics for NBA Players Who Averaged 30 Pts A Game

Click here to take the quiz!

General Stats

  • This quiz has been taken 45 times
  • The average score is 19 of 31

Answer Stats

HintAnswer% Correct
2 seasons 2009-10, 13-14Kevin Durant
97%
2 seasons 2005-06, 07-08Lebron James
97%
8 seasons 1986-87, 87-88, 88-89, 89-90, 90-91, 91-92, 92-93, 95-96Michael Jordan
97%
7 seasons 1959-60, 60-61, 61-62, 62-63, 63-64, 64-65, 65-66Wilt Chamberlain
97%
3 seasons 2002-03, 05-06, 06-07Kobe Bryant
95%
2 seasons 2015-16, 20-21Steph Curry
89%
4 seasons 2000-01, 01-02, 04-05, 05-06Allen Iverson
86%
3 seasons 2017-18, 18-19, 19-20James Harden
86%
4 seasons 1961-62, 64-65, 65-66, 69-70Jerry West
86%
4 seasons 1970-71, 71-72, 72-73, 74-75Kareem Abdul Jabbar
81%
6 seasons 1960-61, 61-62, 63-64, 64-65, 65-66, 66-67Oscar Robertson
73%
1 season 2016-17Russell Westbrook
73%
1 season 2002-03Tracy McGrady
70%
1 season 1989-90Karl Malone
68%
1 season 1980-81Moses Malone
68%
1 season 2008-09Dwyane Wade
65%
1 season 1961-62Bob Pettit
54%
1 season 2019-20Damian Lillard
54%
2 seasons 1979-80, 81-82George Gervin
54%
3 seasons 1960-61, 61-62, 62-63Elgin Baylor
49%
1 season 1984-85Bernard King
46%
2 seasons 2019-20, 20-21Bradley Beal
46%
2 seasons 1985-86, 87-88Dominique Wilkins
46%
3 seasons 1973-74, 74-75, 75-76Bob McAdoo
43%
4 seasons 1980-81, 81-82, 82-83, 83-84Adrian Dantley
41%
1 season 1976-77Pete Maravich
35%
2 seasons 1966-67, 74-75Rick Barry
30%
1 season 1961-62Walt Bellamy
22%
1 season 1972-73Nate "Tiny" Archibald
19%
1 season 1979-80World B. "Lloyd" Free
16%
1 season 1959-60Jack Twyman
5%

Score Distribution

Percentile by Number Answered

Percent of People with Each Score

Your Score History

You have not taken this quiz